| 000 | 00599nam a2200229 a 4500 | ||
|---|---|---|---|
| 999 |
_c4662 _d4662 |
||
| 001 | 4662 | ||
| 003 | BD-JhCC | ||
| 005 | 20171130100418.0 | ||
| 008 | 171129s1965 pk a|||| ||a| 000 0 eng d | ||
| 035 | _a(BD-JhCC) 4662 | ||
| 040 |
_aBD-JhCC _dBD-JhCC |
||
| 041 | _aeng | ||
| 082 |
_a919.8904 _bRaj 1965 |
||
| 100 | _aRajput, A.B. | ||
| 245 |
_aThe tribes of Chittagong hill tracts / _cA.B. Rajput, |
||
| 260 |
_aPakistan : _bPakistan Publications, Karachi , _c1965 |
||
| 300 |
_a44 p .: _c236 cm , |
||
| 650 | _aTribal region | ||
| 650 | _aTribal Culture | ||
| 942 |
_2ddc _cBK |
||